<?xml version="1.0" encoding="UTF-8"?>
<record
    xmlns:xsi="http://www.w3.org/2001/XMLSchema-instance"
    xsi:schemaLocation="http://www.loc.gov/MARC21/slim http://www.loc.gov/standards/marcxml/schema/MARC21slim.xsd"
    xmlns="http://www.loc.gov/MARC21/slim">

  <leader>03465nam a22004337a 4500</leader>
  <controlfield tag="005">20090119114350.0</controlfield>
  <controlfield tag="008">090119t        xxu||||| |||| 00| 0 eng d</controlfield>
  <datafield tag="010" ind1=" " ind2=" ">
    <subfield code="a">B-357769</subfield>
  </datafield>
  <datafield tag="020" ind1=" " ind2=" ">
    <subfield code="a">9780380732722</subfield>
    <subfield code="c">154.80</subfield>
  </datafield>
  <datafield tag="020" ind1=" " ind2=" ">
    <subfield code="a">0380732726</subfield>
  </datafield>
  <datafield tag="035" ind1=" " ind2=" ">
    <subfield code="a">B-357769</subfield>
  </datafield>
  <datafield tag="035" ind1=" " ind2=" ">
    <subfield code="a">B-345698-710</subfield>
  </datafield>
  <datafield tag="037" ind1=" " ind2=" ">
    <subfield code="b">Tarun Books (vendor)</subfield>
  </datafield>
  <datafield tag="040" ind1=" " ind2=" ">
    <subfield code="a">dpl</subfield>
    <subfield code="b">English</subfield>
  </datafield>
  <datafield tag="082" ind1=" " ind2=" ">
    <subfield code="a">S</subfield>
  </datafield>
  <datafield tag="100" ind1=" " ind2=" ">
    <subfield code="a">Cleary, Beverly</subfield>
  </datafield>
  <datafield tag="245" ind1=" " ind2=" ">
    <subfield code="a">Ramona's world /</subfield>
    <subfield code="c">by Beverly Clearly; illustrated by Tracy Dockray</subfield>
  </datafield>
  <datafield tag="260" ind1=" " ind2=" ">
    <subfield code="a">New York</subfield>
    <subfield code="b">Harper Collins Publishers</subfield>
    <subfield code="c">2006</subfield>
  </datafield>
  <datafield tag="270" ind1=" " ind2=" ">
    <subfield code="a">1350 Avenue of the Americas</subfield>
    <subfield code="b">New York</subfield>
    <subfield code="e">NY 10019</subfield>
  </datafield>
  <datafield tag="300" ind1=" " ind2=" ">
    <subfield code="a">209, 19p.:</subfield>
    <subfield code="b">ill.</subfield>
    <subfield code="c">20cm(pbk)</subfield>
  </datafield>
  <datafield tag="700" ind1=" " ind2=" ">
    <subfield code="a">Dockray, Tracy</subfield>
  </datafield>
  <datafield tag="942" ind1=" " ind2=" ">
    <subfield code="2">ddc</subfield>
    <subfield code="c">CH</subfield>
    <subfield code="h">S</subfield>
    <subfield code="m">CLE</subfield>
  </datafield>
  <datafield tag="999" ind1=" " ind2=" ">
    <subfield code="c">21199</subfield>
    <subfield code="d">21199</subfield>
  </datafield>
  <datafield tag="952" ind1=" " ind2=" ">
    <subfield code="0">1</subfield>
    <subfield code="1">0</subfield>
    <subfield code="2">ddc</subfield>
    <subfield code="4">0</subfield>
    <subfield code="7">0</subfield>
    <subfield code="8">FIC</subfield>
    <subfield code="a">JP</subfield>
    <subfield code="b">JP</subfield>
    <subfield code="d">2009-09-18</subfield>
    <subfield code="e">Tarun Books/4121/9.9.09/89/2.9.09/11.9.09</subfield>
    <subfield code="g">154.80</subfield>
    <subfield code="l">20</subfield>
    <subfield code="o">S CLE</subfield>
    <subfield code="p">B-357769</subfield>
    <subfield code="r">2015-10-12 00:00:00</subfield>
    <subfield code="s">2015-09-29</subfield>
    <subfield code="t">1</subfield>
    <subfield code="v">154.80</subfield>
    <subfield code="w">2009-09-18</subfield>
    <subfield code="y">CH</subfield>
  </datafield>
  <datafield tag="952" ind1=" " ind2=" ">
    <subfield code="0">0</subfield>
    <subfield code="1">0</subfield>
    <subfield code="2">ddc</subfield>
    <subfield code="4">0</subfield>
    <subfield code="7">0</subfield>
    <subfield code="8">FIC</subfield>
    <subfield code="a">M</subfield>
    <subfield code="b">M</subfield>
    <subfield code="d">2009-10-16</subfield>
    <subfield code="e">Tarun Books/3947/21.5.09/13/23.4.09/4.7.09</subfield>
    <subfield code="g">154.80</subfield>
    <subfield code="l">0</subfield>
    <subfield code="o">S CLE</subfield>
    <subfield code="p">B-345698</subfield>
    <subfield code="r">2009-10-16 00:00:00</subfield>
    <subfield code="t">1</subfield>
    <subfield code="v">154.80</subfield>
    <subfield code="w">2009-10-16</subfield>
    <subfield code="y">CH</subfield>
  </datafield>
  <datafield tag="952" ind1=" " ind2=" ">
    <subfield code="0">0</subfield>
    <subfield code="1">0</subfield>
    <subfield code="2">ddc</subfield>
    <subfield code="4">0</subfield>
    <subfield code="7">0</subfield>
    <subfield code="8">FIC</subfield>
    <subfield code="a">M</subfield>
    <subfield code="b">M</subfield>
    <subfield code="d">2009-10-16</subfield>
    <subfield code="e">Tarun Books/3947/21.5.09/13/23.4.09/4.7.09</subfield>
    <subfield code="g">154.80</subfield>
    <subfield code="l">0</subfield>
    <subfield code="o">S CLE</subfield>
    <subfield code="p">B-345699</subfield>
    <subfield code="r">2009-10-16 00:00:00</subfield>
    <subfield code="t">2</subfield>
    <subfield code="v">154.80</subfield>
    <subfield code="w">2009-10-16</subfield>
    <subfield code="y">CH</subfield>
  </datafield>
  <datafield tag="952" ind1=" " ind2=" ">
    <subfield code="0">0</subfield>
    <subfield code="1">5</subfield>
    <subfield code="2">ddc</subfield>
    <subfield code="4">0</subfield>
    <subfield code="7">0</subfield>
    <subfield code="8">FIC</subfield>
    <subfield code="a">NPL</subfield>
    <subfield code="b">NPL</subfield>
    <subfield code="d">2009-10-16</subfield>
    <subfield code="e">Tarun Books/3947/21.5.09/13/23.4.09/4.7.09</subfield>
    <subfield code="g">154.80</subfield>
    <subfield code="l">0</subfield>
    <subfield code="o">S CLE</subfield>
    <subfield code="p">B-345700</subfield>
    <subfield code="r">2009-10-16 00:00:00</subfield>
    <subfield code="t">1</subfield>
    <subfield code="v">154.80</subfield>
    <subfield code="y">CH</subfield>
  </datafield>
  <datafield tag="952" ind1=" " ind2=" ">
    <subfield code="0">0</subfield>
    <subfield code="1">0</subfield>
    <subfield code="2">ddc</subfield>
    <subfield code="4">0</subfield>
    <subfield code="7">0</subfield>
    <subfield code="8">FIC</subfield>
    <subfield code="a">L</subfield>
    <subfield code="b">L</subfield>
    <subfield code="d">2009-10-16</subfield>
    <subfield code="e">Tarun Books/3947/21.5.09/13/23.4.09/4.7.09</subfield>
    <subfield code="g">154.80</subfield>
    <subfield code="l">0</subfield>
    <subfield code="o">S CLE</subfield>
    <subfield code="p">B-345701</subfield>
    <subfield code="r">2009-10-16 00:00:00</subfield>
    <subfield code="t">1</subfield>
    <subfield code="v">154.80</subfield>
    <subfield code="w">2009-10-16</subfield>
    <subfield code="y">CH</subfield>
  </datafield>
  <datafield tag="952" ind1=" " ind2=" ">
    <subfield code="0">0</subfield>
    <subfield code="1">0</subfield>
    <subfield code="2">ddc</subfield>
    <subfield code="4">0</subfield>
    <subfield code="7">0</subfield>
    <subfield code="8">FIC</subfield>
    <subfield code="a">BL1</subfield>
    <subfield code="b">BL1</subfield>
    <subfield code="d">2009-10-16</subfield>
    <subfield code="e">Tarun Books/3947/21.5.09/13/23.4.09/4.7.09</subfield>
    <subfield code="g">154.80</subfield>
    <subfield code="l">0</subfield>
    <subfield code="o">S CLE</subfield>
    <subfield code="p">B-345702</subfield>
    <subfield code="r">2009-10-16 00:00:00</subfield>
    <subfield code="t">1</subfield>
    <subfield code="v">154.80</subfield>
    <subfield code="w">2009-10-16</subfield>
    <subfield code="y">CH</subfield>
  </datafield>
  <datafield tag="952" ind1=" " ind2=" ">
    <subfield code="0">0</subfield>
    <subfield code="1">0</subfield>
    <subfield code="2">ddc</subfield>
    <subfield code="4">0</subfield>
    <subfield code="7">0</subfield>
    <subfield code="8">FIC</subfield>
    <subfield code="a">KGM</subfield>
    <subfield code="b">KGM</subfield>
    <subfield code="d">2009-10-16</subfield>
    <subfield code="e">Tarun Books/3947/21.5.09/13/23.4.09/4.7.09</subfield>
    <subfield code="g">154.80</subfield>
    <subfield code="l">2</subfield>
    <subfield code="m">1</subfield>
    <subfield code="o">S CLE</subfield>
    <subfield code="p">B-345703</subfield>
    <subfield code="r">2021-02-08 00:00:00</subfield>
    <subfield code="s">2021-02-05</subfield>
    <subfield code="t">1</subfield>
    <subfield code="v">154.80</subfield>
    <subfield code="w">2009-10-16</subfield>
    <subfield code="y">CH</subfield>
  </datafield>
  <datafield tag="952" ind1=" " ind2=" ">
    <subfield code="0">0</subfield>
    <subfield code="1">0</subfield>
    <subfield code="2">ddc</subfield>
    <subfield code="4">0</subfield>
    <subfield code="7">0</subfield>
    <subfield code="8">FIC</subfield>
    <subfield code="a">PR</subfield>
    <subfield code="b">PR</subfield>
    <subfield code="d">2009-10-16</subfield>
    <subfield code="e">Tarun Books/3947/21.5.09/13/23.4.09/4.7.09</subfield>
    <subfield code="g">154.80</subfield>
    <subfield code="l">0</subfield>
    <subfield code="o">S CLE</subfield>
    <subfield code="p">B-345704</subfield>
    <subfield code="r">2009-10-16 00:00:00</subfield>
    <subfield code="t">1</subfield>
    <subfield code="v">154.80</subfield>
    <subfield code="w">2009-10-16</subfield>
    <subfield code="y">CH</subfield>
  </datafield>
  <datafield tag="952" ind1=" " ind2=" ">
    <subfield code="0">0</subfield>
    <subfield code="1">0</subfield>
    <subfield code="2">ddc</subfield>
    <subfield code="4">0</subfield>
    <subfield code="7">0</subfield>
    <subfield code="8">FIC</subfield>
    <subfield code="a">ZLS</subfield>
    <subfield code="b">ZLS</subfield>
    <subfield code="d">2009-10-16</subfield>
    <subfield code="e">Tarun Books/3947/21.5.09/13/23.4.09/4.7.09</subfield>
    <subfield code="g">154.80</subfield>
    <subfield code="l">0</subfield>
    <subfield code="o">S CLE</subfield>
    <subfield code="p">B-345705</subfield>
    <subfield code="r">2009-10-16 00:00:00</subfield>
    <subfield code="t">1</subfield>
    <subfield code="v">154.80</subfield>
    <subfield code="w">2009-10-16</subfield>
    <subfield code="y">CH</subfield>
    <subfield code="z">Withdrawn List Prepared L.No.53/13</subfield>
  </datafield>
  <datafield tag="952" ind1=" " ind2=" ">
    <subfield code="0">0</subfield>
    <subfield code="1">0</subfield>
    <subfield code="2">ddc</subfield>
    <subfield code="4">0</subfield>
    <subfield code="7">0</subfield>
    <subfield code="8">FIC</subfield>
    <subfield code="a">BL3</subfield>
    <subfield code="b">BL3</subfield>
    <subfield code="d">2009-10-16</subfield>
    <subfield code="e">Tarun Books/3947/21.5.09/13/23.4.09/4.7.09</subfield>
    <subfield code="g">154.80</subfield>
    <subfield code="l">0</subfield>
    <subfield code="o">S CLE</subfield>
    <subfield code="p">B-345706</subfield>
    <subfield code="r">2009-10-16 00:00:00</subfield>
    <subfield code="t">1</subfield>
    <subfield code="v">154.80</subfield>
    <subfield code="w">2009-10-16</subfield>
    <subfield code="y">CH</subfield>
  </datafield>
  <datafield tag="952" ind1=" " ind2=" ">
    <subfield code="0">0</subfield>
    <subfield code="1">0</subfield>
    <subfield code="2">ddc</subfield>
    <subfield code="4">0</subfield>
    <subfield code="7">0</subfield>
    <subfield code="8">FIC</subfield>
    <subfield code="a">BKK</subfield>
    <subfield code="b">BKK</subfield>
    <subfield code="d">2009-10-16</subfield>
    <subfield code="e">Tarun Books/3947/21.5.09/13/23.4.09/4.7.09</subfield>
    <subfield code="g">154.80</subfield>
    <subfield code="l">0</subfield>
    <subfield code="o">S CLE</subfield>
    <subfield code="p">B-345707</subfield>
    <subfield code="r">2009-10-16 00:00:00</subfield>
    <subfield code="t">1</subfield>
    <subfield code="v">154.80</subfield>
    <subfield code="w">2009-10-16</subfield>
    <subfield code="y">CH</subfield>
  </datafield>
  <datafield tag="952" ind1=" " ind2=" ">
    <subfield code="0">0</subfield>
    <subfield code="1">0</subfield>
    <subfield code="2">ddc</subfield>
    <subfield code="4">0</subfield>
    <subfield code="7">0</subfield>
    <subfield code="8">FIC</subfield>
    <subfield code="a">NR</subfield>
    <subfield code="b">NR</subfield>
    <subfield code="d">2009-10-16</subfield>
    <subfield code="e">Tarun Books/3947/21.5.09/13/23.4.09/4.7.09</subfield>
    <subfield code="g">154.80</subfield>
    <subfield code="l">0</subfield>
    <subfield code="o">S CLE</subfield>
    <subfield code="p">B-345708</subfield>
    <subfield code="r">2009-10-16 00:00:00</subfield>
    <subfield code="t">1</subfield>
    <subfield code="v">154.80</subfield>
    <subfield code="w">2009-10-16</subfield>
    <subfield code="y">CH</subfield>
  </datafield>
  <datafield tag="952" ind1=" " ind2=" ">
    <subfield code="0">0</subfield>
    <subfield code="1">5</subfield>
    <subfield code="2">ddc</subfield>
    <subfield code="4">0</subfield>
    <subfield code="7">0</subfield>
    <subfield code="8">FIC</subfield>
    <subfield code="a">BN</subfield>
    <subfield code="b">BN</subfield>
    <subfield code="d">2009-10-16</subfield>
    <subfield code="e">Tarun Books/3947/21.5.09/13/23.4.09/4.7.09</subfield>
    <subfield code="g">154.80</subfield>
    <subfield code="l">0</subfield>
    <subfield code="o">S CLE</subfield>
    <subfield code="p">B-345709</subfield>
    <subfield code="r">2009-10-16 00:00:00</subfield>
    <subfield code="t">1</subfield>
    <subfield code="v">154.80</subfield>
    <subfield code="y">CH</subfield>
  </datafield>
  <datafield tag="952" ind1=" " ind2=" ">
    <subfield code="0">0</subfield>
    <subfield code="1">0</subfield>
    <subfield code="2">ddc</subfield>
    <subfield code="4">0</subfield>
    <subfield code="7">0</subfield>
    <subfield code="8">FIC</subfield>
    <subfield code="a">BL4</subfield>
    <subfield code="b">BL4</subfield>
    <subfield code="d">2009-10-16</subfield>
    <subfield code="e">Tarun Books/3947/21.5.09/13/23.4.09/4.7.09</subfield>
    <subfield code="g">154.80</subfield>
    <subfield code="l">0</subfield>
    <subfield code="o">S CLE</subfield>
    <subfield code="p">B-345710</subfield>
    <subfield code="r">2009-10-16 00:00:00</subfield>
    <subfield code="t">1</subfield>
    <subfield code="v">154.80</subfield>
    <subfield code="w">2009-10-16</subfield>
    <subfield code="y">CH</subfield>
  </datafield>
</record>
